[Event "Hoogeveen Essent op"]
[Site "Hoogoveen"]
[Date "2005.10.24"]
[Round "4"]
[White "Atalik, Suat"]
[Black "Goloshchapov, Alexander"]
[Result "1-0"]
[WhiteElo "2620"]
[BlackElo "2523"]
[Annotator "Atalik,S"]
[PlyCount "109"]
[EventDate "2005.10.21"]
[EventType "swiss"]
[EventRounds "9"]
[EventCountry "NED"]
[SourceTitle "EXT 2006"]
[Source "ChessBase"]
[SourceDate "2005.11.24"]
[SourceVersion "1"]
[SourceVersionDate "2005.11.24"]
[SourceQuality "1"]

1. d4 d5 2. c4 c6 3. Nf3 e6 4. b3 $5 {A surprisingly rare move.} f5 {After
some time he decided to transpose the game into a Stonewall Dutch.} 5. g3 Nf6
6. Bg2 Bd6 7. O-O Qe7 {Once again I play against this annoying Stonewall. I
have started to think and came up with a plan involving Bf4.} 8. Nc3 O-O 9. Bf4
Bxf4 10. gxf4 Nbd7 11. e3 Ne4 (11... b6 12. Ne5 (12. cxd5 cxd5 13. Qe2 a5 14.
Rfc1 Ba6 15. Qd1 Ne4 16. Rc2 $11 {is similar to the game.}) 12... Bb7 13. Qc2
$11) 12. Qc2 b6 13. Rfc1 Bb7 (13... Ba6 14. Ne2) 14. cxd5 {I had to be fast
with my plan of playing on the c line.} (14. Qb2 $6 c5 15. cxd5 exd5 (15...
Nxc3 $2 16. dxe6 cxd4 17. exd7 Bxf3 18. Bxf3 Rad8 19. exd4 $14) 16. Ne2 Rac8
17. Ne5 Nxe5 18. dxe5 Qh4 19. Ng3 $13) 14... cxd5 $1 (14... exd5 15. Qb2 $14)
15. Bf1 $1 {I thought that keeping his bishop boxed would have helped me to
build up an advantage albeit things are not as simple as they look.} Rac8 16.
Qb2 Ndf6 17. Nd1 $1 {A nice prophylactic move.} Ng4 18. Rxc8 Rxc8 (18... Bxc8
19. Rc1 (19. h3 $6 Nh6 20. h4 Ng4 21. Rc1 Bb7 $15) 19... g5 20. h3 Nh6 21. Nxg5
Nxg5 22. fxg5 Qxg5+ 23. Kh1 $14) 19. Rc1 Rxc1 20. Qxc1 g5 $1 21. fxg5 Nxg5 22.
Nxg5 Qxg5 23. Bg2 Qe7 $11 24. f3 $6 {This could have ended the game as a draw
at once.} (24. h3 $142 Nf6 25. Nb2 Ba6 26. Qc6 Bb7 27. Qc2 Ba6 $11) 24... Nh6
$2 (24... Qh4 $1 25. Qc7 $8 Qe1+ 26. Bf1 Nxe3 27. Qb8+ Kf7 28. Qxb7+ Kg6 29.
Nxe3 Qxe3+ 30. Kg2 Qd2+ 31. Kh3 Qh6+ $11) 25. Nf2 $16 {Now white has
considerably improved his position.} Ba6 (25... f4 26. e4 e5 27. Nd3 $1 dxe4
28. fxe4 exd4 29. Qxf4 Nf7 30. Qb8+ $16) 26. Nh3 $1 {White improve his pieces.}
(26. Qc6 Bb7) 26... Nf7 27. Nf4 Nd8 28. Bf1 $1 {Another correct decision} Bxf1
29. Kxf1 Kf8 30. Qc8 Ke8 31. Qb8 $1 Kf7 32. Nd3 Ke8 33. Qe5 $1 (33. Ne5 Qb7)
33... Kd7 $6 {He goes to the wrong side of the board.} (33... Nf7 34. Qg3 $1 (
34. Qg7 $2 Qg5 $1 $11) 34... Kf8 35. Qb8+ Kg7 36. Nf4 Nd6 37. a4 $16) 34. Qh8
Kc7 35. Ne5 Kb7 36. a4 Kc7 $2 (36... Nc6 37. Nxc6 Kxc6 38. Qa8+ Kd6 39. b4 Qc7
40. Qf8+ Kc6 (40... Kd7 41. Qg7+ Kd6 42. Qxc7+ Kxc7 43. Kf2 Kd6 44. Kg3 e5 45.
f4 $18) 41. Qe8+ Kd6 42. b5 $16) 37. b4 $1 {After this white's pieces
dominates the entire board.} Kb7 38. Ke2 Kc7 (38... Nc6 $2 {too late for.} 39.
Nxc6 Kxc6 40. Qc8+ Kd6 41. b5 Qc7 42. Qxc7+ Kxc7 43. Kf2 Kd6 44. Kg3 Ke7 45.
Kf4 Kf6 46. e4 h6 47. h3 $1 $18) 39. b5 $1 $18 {Finally white seals the knight.
} Kb7 40. Qg8 $2 {An unnecessary waste of time.My main idea is h4-h5-h6.I
looked at the position and decided to first improve my queens standing.} (40.
h4 Qxh4 41. Qe8 $1 Qg5 42. Kd3 $18 {leads to a surprising mate.}) 40... a6 (
40... Qh4 41. Qe8 $18 {is similar.}) 41. h4 axb5 42. axb5 h5 $1 {Moving the
queen gave him this counterchance.} 43. Qg6 Qc7 $1 (43... Qb4 $2 44. Qe8 $18 {
is usual.}) 44. Kf2 $2 {The worst of 3 different alternatives.} (44. Qxh5 Qc2+
45. Kf1 Qc1+ 46. Kg2 Qxe3 47. Qh7+ Kb8 48. Nc6+ Nxc6 49. bxc6 Qe2+ 50. Kg3 Qe1+
51. Kf4 Qc1+ 52. Ke5 Qxc6 53. h5 $18) (44. Kd1 f4 $1 (44... Qc3 45. Qh7+ Kb8
46. Qe7 $18) (44... Qe7 45. Qxh5 $18) 45. exf4 Qc3 46. Qg7+ Kb8 (46... Qc7 47.
Qf8 $18) 47. Qd7 Qxd4+ 48. Ke2 Qb2+ 49. Kf1 Qc1+ 50. Kg2 $18) 44... Qc1 $2 {
He misses his chance.} (44... f4 45. exf4 Qc3 46. Qh7+ Kb8 47. Qd3 Qb2+ 48. Kg3
Qc1 $11) 45. Qg7+ (45. Qh7+ Kb8 46. Qe7 Qc7 47. Qe8 $18) 45... Qc7 46. Qf8 $18
{Now he is totally tied up.} f4 $8 ({After} 46... Kc8 47. Kg3 $18 {whites king
just walks up the board.}) 47. Qxf4 Qc1 48. Qg5 Kc8 49. Qe7 Qb2+ 50. Kg3 Qxb5
51. Kf4 $1 {All white has to do is just to walk up with the king and cash h5
pawn.} Nb7 52. Qxe6+ {Black loses all his pawns.} (52. Kg5 $5) 52... Kc7 53.
Qf7+ Kc8 54. Qxh5 Nd8 55. Qg4+ 1-0

[Event "Vojvodina-ch 5th"]
[Site "Novi Sad"]
[Date "2014.07.13"]
[Round "3"]
[White "Atalik, Suat"]
[Black "Popchev, Milko"]
[Result "1-0"]
[WhiteElo "2550"]
[BlackElo "2331"]
[Annotator "Atalik,S"]
[PlyCount "79"]
[EventDate "2014.07.12"]
[EventType "swiss"]
[EventRounds "9"]
[EventCountry "YUG"]
[SourceTitle "CBM 163"]
[Source "ChessBase"]
[SourceDate "2014.11.11"]
[SourceVersion "1"]
[SourceVersionDate "2014.11.11"]
[SourceQuality "1"]

1. d4 e6 2. c4 f5 3. g3 Nf6 4. Bg2 d5 5. Nf3 c6 6. O-O Bd6 {Milko went for the
Stonewall which had been always a difficult opening for me.} 7. Nc3 $5 (7. Bf4
Bxf4 8. gxf4 O-O 9. Nc3 b6 $6 10. Ne5) 7... O-O 8. Qc2 {This was bread and
butter for the former World Junior Champion GM Valery Chekhov.} Qe7 $5 {
Before the game I also was for this flexible approach.} (8... Ne4 9. Rb1 (9.
Nxe4 dxe4 10. Ne5 $13)) (8... Bd7 $6 9. Bg5 (9. Rb1 $5) 9... Be8 (9... h6 10.
Bxf6 Qxf6 11. Qb3 $1 {is the predecessor of our game Chekhov-Tisdall, Gausdall
1990.}) 10. Qb3 Qb6 11. c5 Qxb3 12. axb3 Bc7 13. Bf4 Bxf4 14. gxf4 $16) (8...
b6 9. Bf4 Bxf4 10. gxf4 dxc4 11. e3 Nd5 12. Ne5 $44 {seen in one of Tal
Baron's games recently.Possibly b6 does not go well with the minor piece
exchange on f4.}) (8... dxc4 9. e4 $44) (8... Nbd7 $2 9. cxd5 cxd5 (9... exd5
10. Qxf5) 10. Nb5 $16) (8... Qe8 9. Rb1 $1) 9. Rb1 $6 (9. Bg5 $5 h6 10. Bf4 {
is too deep at first sight but} Bxf4 11. gxf4 dxc4 12. Ne5 {ends up in a
double attack.}) 9... Bd7 $6 (9... Nbd7 $142 $1 {After this there is no
entirely satisfactory follow up for White.} 10. a3 (10. cxd5 $6 exd5 11. Qxf5
$2 (11. Bf4 Bxf4 12. gxf4 Ne4) 11... Ne4 $17 {puts the queen in an awkward
situation.}) 10... a5) 10. Bg5 h6 11. Bxf6 Qxf6 (11... Rxf6 12. Qb3 Bc8 (12...
Be8 $2 13. c5) 13. Ne5 $16) 12. Qb3 {I was following the foot steps of GM
Chekhov.} (12. b4 $5 Be8 $1 (12... dxc4 13. b5 $1 $40 (13. e4 e5 14. dxe5 Bxe5
15. Nxe5 Qxe5 16. f4 Qe7 17. Rfe1 $44)) (12... a6 $2 13. Na4 $16) 13. b5 dxc4
14. e4 $13) 12... Bc8 (12... b6 $2 13. cxd5 exd5 14. Nxd5) 13. cxd5 exd5 (13...
cxd5 14. Nb5) 14. e4 fxe4 15. Nxe4 Qe6 16. Nxd6 Qxd6 17. Ne5 Nd7 (17... Na6 18.
f4) 18. Nxd7 $146 (18. Rbe1 {would have been a direct transposition to
Chekhov's game.} Nxe5 (18... Nf6 19. Re2 $14 {is the aforementioned game.} (19.
f4 $5)) 19. Rxe5 {is a better version of the game.}) 18... Qxd7 (18... Bxd7 $1
{is obviously the move.} 19. Rbe1 $1 $14 (19. Qxb7 $2 Rab8 20. Qa6 Qf6 21. Qxa7
(21. b4 Qxd4 22. b5 Rxb5 23. Rxb5 cxb5 24. Qd6 Rf7 25. Qxd5 $11) 21... Bf5 22.
Rbd1 Rxb2 23. f4 Rfb8 $44)) 19. Rbe1 Qf7 20. Re5 (20. Qa3 Re8) 20... Bf5 (20...
Re8 21. Rfe1) 21. Qa3 Rab8 $5 {A strange move which would never cross my mind.}
(21... Rae8 22. f4 $14 (22. Qxa7 $2 Bd3 23. Rxe8 Qxe8 $19)) 22. Rfe1 a6 23. Re7
Qf6 24. R1e5 Bg6 $6 {Back and forth, there is nothing worse than waiting
policy in this game.} (24... Be4 25. Qe3 $16) (24... Rf7 25. Rxf7 Qxf7 26. Re7
Qf6 27. Qe3 Kf8 28. Re5 Bd7 29. Qb3 $16) 25. Qe3 Bf5 26. h3 (26. f3 $5) 26...
Rf7 27. g4 Rxe7 28. Rxe7 Bg6 29. h4 $6 {A bad move with the time trouble
approaching.} (29. f4 Be4 30. Re5 $14) ({I have seen the continuation to be} 
29. Re6 $1 Qf7 30. f4 Be4 31. f5 $16 {but for some obscure reasons I have
chosen the text.}) 29... Bf7 $2 {Another waiting move but now it should be
over.} (29... Qf8 30. f4 Re8 31. Rxe8 Bxe8 (31... Qxe8 $2 32. Qxe8+ Bxe8 33. f5
Bd7 34. Bh3 h5 35. g5 g6 36. Kf2 b6 37. b4 Bxf5 38. Bxf5 gxf5 39. Kf3 Kf7 40.
Kf4 Ke6 41. a3 b5 42. g6 Kf6 43. g7 Kxg7 44. Kxf5 Kf7 45. Kg5 $18 {I was
counting on this winning kKing and pawns ending.}) 32. h5 $14 {is quite
comfortable but by far winning.}) (29... Kf8 $4 30. Re6 $1 Qf7 31. Rxg6 Qxg6
32. Qf4+ $18) (29... Be4 $1 {I have missed this rejoinder.} 30. Bxe4 dxe4 (
30... Qxe7 $2 31. Bh7+ Kf8 32. Qf4+ $18) 31. Qxe4 (31. Rxe4 Qxh4 $11) 31...
Qxh4 $11 (31... Rf8 32. f3 Qxf3 33. Qxf3 Rxf3 34. Rxb7 Rg3+ 35. Kf2 Rxg4 36.
Ke3 Rxh4 37. Rb6 $13)) 30. g5 hxg5 31. hxg5 Qg6 32. Qg3 $138 (32. Qf4 $142 {
may even be better proving White in the coming complications.}) 32... Re8 33.
Rxb7 Re1+ 34. Kh2 $1 (34. Bf1 Qe4) 34... Qh5+ 35. Bh3 Re4 (35... Re6 36. Qg4
Qxg4 37. Bxg4 Re4 38. Bf5 $18) (35... Be6 36. Rb8+ $1 (36. g6 $4 Bxh3 37. Rb8+
Bc8+ $19) 36... Kf7 (36... Kh7 37. g6+ $1) 37. g6+ $1 $18) 36. Kg2 Bg6 (36...
Rxd4 37. Qb8+ $1 Kh7 38. Qe5 $18) 37. f3 $1 Rxd4 $2 ({I have calculated
correctly that I could chase his rook in case of} 37... Re2+ 38. Kf1 $1 Rc2 (
38... Rd2 39. Ke1 $1 Rc2 40. Qe5 $18) (38... Bd3 39. Rb8+ Re8+ (39... Kh7 40.
Bf5+) 40. Kf2 $18) 39. Be6+ Kh7 40. Kg1 $1 Re2 41. Bg4 Qxg5 42. f4 Re3 43. Qxe3
Qxg4+ 44. Kf2 $18) 38. Qe5 (38. Qb8+ $5 {works as well.} Be8 (38... Kh7 39. Qe5
Rd2+ 40. Kg3 Bf7 41. Bf5+ Kh8 42. Rb8+ Bg8 43. Rxg8+ Kxg8 44. Qb8+ Kf7 45. Qc7+
Ke8 (45... Kf8 46. Qd6+ Kg8 47. Qd8+ Kf7 48. g6+ $18) 46. Bd7+ $18) 39. Qe5
Rd2+ 40. Kg3 Bf7 41. Rxf7 $18) 38... Rd2+ 39. Kg3 Bf7 40. Rxf7 (40. Rxf7 Kxf7
41. Qf4+ $18 (41. Be6+ $2 {is totally unnecessary!} Kf8 42. Qd6+ Ke8 43. Qxc6+
Ke7 44. Qd7+ Kf8 45. Qd6+ Ke8 46. Bd7+ Kf7 47. Qf4+ Ke7 48. Qxd2 Kxd7 49. Qxd5+
$18)) 1-0

[Event "Moscow Aeroflot op-A"]
[Site "Moscow"]
[Date "2003.02.18"]
[Round "8"]
[White "Avrukh, Boris"]
[Black "Iljushin, Alexei"]
[Result "1/2-1/2"]
[WhiteElo "2584"]
[BlackElo "2534"]
[Annotator "Avrukh,B"]
[PlyCount "122"]
[EventDate "2003.02.10"]
[EventType "swiss"]
[EventRounds "9"]
[EventCountry "RUS"]
[SourceTitle "CBM 094"]
[Source "ChessBase"]
[SourceDate "2003.05.26"]
[SourceVersion "1"]
[SourceVersionDate "2003.05.26"]
[SourceQuality "1"]

1. d4 e6 2. c4 f5 3. g3 Nf6 4. Bg2 c6 5. Nd2 d5 6. Nh3 Bd6 7. O-O O-O 8. Nf3
Nbd7 $6 {A very rare continuation,played only in two games,according to my
database.} ({The main lines for black here:} 8... Ne4) ({and} 8... b6) 9. Bf4 (
9. Nf4 Re8 (9... Qe7 $142) 10. b3 e5 11. dxe5 Nxe5 12. cxd5 Nxf3+ 13. Bxf3 Bxf4
14. Bxf4 Nxd5 15. Bc1 Be6 16. Bb2 $14 {1/2-1/2 Luig,B-Bolduan,M/Wiesbaden 1998/
EXT 2000 (70)}) 9... Be7 $146 {This move was the original idea of my opponent,
black tries to use white misplaced knight on h3 and to get comfortable play.} (
9... Bxf4 10. Nxf4 Qe7 11. b3 Ne4 12. Nd3 Kh8 13. Nfe5 Nxe5 14. Nxe5 Nd6 15.
Rc1 Bd7 16. e3 Nf7 17. Nd3 $14 {1-0 Engels,G-Vater,H/Kiel 2001/EXT 2003 (25)})
10. Nhg5 $1 {Otherwise black could play Ne4(or h6) and g5,cuting my knight on
h3.} Nb6 11. c5 (11. Ne5 $143 $2 Nxc4 $1 12. Nxc4 dxc4 {[%cal Gf6d5]} 13. Nf3
Nd5 {and white has to prove their compensation for the pawn}) 11... h6 (11...
Nc4 12. b3 Na5 13. Ne5 $16 {[%csl Ra5]}) (11... Ne4 12. h4 $1 Nxg5 13. hxg5 Nd7
14. b4 $16) 12. cxb6 hxg5 13. Bc7 Qe8 (13... Qd7 14. Qa4 $16) 14. bxa7 (14.
Nxg5 $143 axb6 15. Nf3 (15. Bxb6 $2 Nd7 {[%cal Ge7g5,Gd7b6]}) 15... b5 $13)
14... g4 15. Ne5 Rxa7 {After a forced play a very unbalanced position had
arised.In first sight it's looks like black is doing fine:they have a better
pawnstructure and they have no weaknesses,but in fact the most important fact,
like always in Stonewall-black light-squared bishop is very passive,this fact
gives white a clear edge.} 16. f3 $2 {[%csl Ge4] A clear unaccuracy,which
gives black opportunity to equalise the play.} (16. a4 Nd7 (16... b5 17. Bb6
Ra6 18. a5 Nd7 $11) 17. Nd3 b6 18. Bf4 Ba6 $11) (16. Nd3 $142 $1 $14 {was the
right prophilactical move}) 16... Qh5 $2 {Black is going into the wrong
direction(missing a good opportunity to equalise),kingside attack is not
dangerous for white ,on the other hand black light-squared bishop will be a
serious problem till the end of the game.} (16... b5 $142 $1 17. Bb6 Ra6 18.
Bc5 Bxc5 19. dxc5 gxf3 20. exf3 Nd7 $1 21. Nd3 Qe7 {[%csl Gc5]} 22. Qc2 (22. f4
$143 $2 Nxc5 23. Nb4 Rb6 24. Rc1 Bb7 $17) 22... Qf6 (22... e5 $2 23. Nb4 Ra4
24. Nxc6 Qe6 25. b3 $16) 23. f4 e5 $11) 17. a4 g5 (17... Bd7 18. a5 Rc8 19. Bb6
Ra6 20. Nd3 $16) 18. Rf2 {[%cal Gg2f1] Easily parrying black idea of attack by
h-file.} Kg7 (18... gxf3 19. exf3 g4 20. fxg4 Nxg4 21. h3 Nf6 22. Qxh5 Nxh5 23.
Ng6 Rf7 24. Nxe7+ Rxe7 25. Be5 $16 {[%csl Ge5,Rg2] with very unpleasant
endgame for black}) 19. Bb6 (19. a5 $5) 19... Ra8 (19... Ra6 20. Bc5 Re8 21.
Bxe7 Rxe7 22. Bf1 $16 {[%cal Gf1a6]}) 20. Bc5 $16 Re8 (20... Bxc5 21. dxc5 $16
{[%cal Gd1d4]}) 21. Qd2 ({More to the point} 21. Bxe7 Rxe7 22. Qd2 Bd7 $140 $2
23. Qb4 {[%cal Gb4e7,Gb4b7]}) 21... gxf3 22. exf3 Bd8 $1 {[%cal Gd8c7]} 23. h3
$5 (23. Bd6) 23... Qh6 {[%cal Gf6h5]} (23... Bc7 24. Qb4 $1 $16 {[%cal Gc5d6]}
(24. g4 $143 Qh4)) (23... b6 24. Bd6 Bb7 25. Qb4 $16 {[%csl Gb6,Gc6]}) 24. Bd6
$1 {taking control under h2-b8 diagonal} (24. g4 Bc7) 24... Nh5 25. Nd3 Be7 (
25... Bf6 26. g4 $140 $2 (26. Qb4 $1) 26... Bxd4 27. gxh5 e5 $1 (27... Bxf2+
28. Qxf2 {[%csl Ge5]}) 28. Bc5 (28. Bxe5+ Bxe5 29. Nxe5 Rxe5 30. Qc3 Qf6 $15)
28... Bxf2+ 29. Qxf2 e4 $13) 26. Bxe7 Rxe7 27. g4 Nf6 (27... Nf4 28. Nxf4 gxf4
29. Bf1 $16) 28. a5 f4 (28... Bd7 $2 29. Qb4 {[%csl Gb7,Ge7]}) 29. Bf1 Nd7 (
29... Qh4 30. Ne5 $1 Qg3+ $140 31. Rg2 Qxh3 $2 32. Rh2 Qg3+ 33. Bg2 {[%csl Rg3]
[%cal Gh2h3]}) 30. h4 $5 (30. Re1 Qf6 31. Qc3 Nf8 32. Rfe2 Ng6 33. Nc5 $16)
30... Qf6 $1 (30... Qxh4 $140 31. Rh2 Qg3+ 32. Bg2 {[%cal Gh2h3]}) (30... gxh4
31. g5 Qh7 32. Nxf4 e5 33. Bd3 e4 34. fxe4 dxe4 35. Re1 $18) 31. Ra4 $1 (31.
hxg5 Qxd4 32. Qxf4 Qxf4 33. Nxf4 e5 34. Nh5+ Kg6) 31... Rf7 (31... Nb6 $143 32.
hxg5 Qxg5 33. Nxf4 Nxa4 34. Nxe6+ {[%cal Gd2g5]}) 32. hxg5 Qxg5 33. b3 (33. Rh2
$6 {[%cal Gh2h5]} Nb6 34. Ra1 Nc4 $132 {[%cal Gc4e3]}) 33... c5 $1 34. Qb2 $138
(34. Rh2 cxd4 35. Rxd4 Ne5 $13) (34. dxc5 $140 e5 $132 {[%cal Ga8a6,Ga6h6,
Gd7f6]}) (34. Qc3 $1 c4 35. bxc4 Nb6 36. axb6 Rxa4 37. cxd5 $18 {[%csl Gc8,Ge6]
[%cal Gd3c5]}) 34... Kg8 35. Rh2 {[%cal Gh2h5]} (35. Re2 $5) 35... Qg7 36. dxc5
(36. Rc2 cxd4 37. Qxd4 Qg5 $16) 36... e5 37. Rh5 $2 $138 (37. Re2 Rf5 $1 $132 {
[%cal Gf5g5]} (37... e4 38. fxe4 f3 39. Qxg7+ Rxg7 40. Re1 dxe4 41. Raxe4 Nf6
42. Rf4 Rxg4+ 43. Rxg4+ Bxg4 44. b4 $16)) (37. Qd2 $142 $1 {[%cal Gd3b4]} Ra6 (
37... Nf8) 38. Nb4 (38. Nxf4 $5 exf4 39. Bxa6 bxa6 40. Qxd5 $16) 38... Nxc5 39.
Bxa6 Nxa4 40. Bb5 Nc5 41. Qc3 $18) 37... e4 $1 38. Qxg7+ Rxg7 39. Rxd5 $1 {
The best chance} (39. Nxf4 Nxc5 40. Rd4 exf3 (40... Ne6 41. Nxe6 Bxe6 42. Re5
Kf7) 41. Nxd5 Nxb3 $11) 39... exd3 40. Bxd3 Nf8 41. Rd6 (41. Rd8 Rd7 $1) 41...
Be6 42. b4 (42. a6 bxa6 43. Bxa6 Rga7 44. b4 Kf7 45. b5 Nd7 46. c6 Nc5 $11)
42... Rd7 43. Rxd7 Bxd7 44. Ra3 (44. b5 Ne6 45. Bc4 Kg7 46. Bxe6 Bxe6 $11)
44... Kf7 45. b5 Ne6 (45... Ke7 46. a6 bxa6 47. Be4 $18) 46. c6 bxc6 47. b6 Bc8
$1 (47... Nc5 $140 $2 48. Rc3 $3 Rxa5 49. Rxc5 Ra8 50. b7 Rb8 51. Ba6 $18) 48.
a6 Nc5 $2 (48... Ke7 $142 $1 49. Kg2 (49. b7 Bxb7 50. axb7 Rb8 51. Ra4 (51. Be4
Rxb7 52. Bxc6 Rb2) 51... Rxb7 52. Bf5 Ng5 $1 $11) (49. a7 Nc5 (49... Kd6 50.
Bf5) 50. Bf5 Bb7 {and black should hold the position}) 49... Kd6 $1 (49... Nc5
$143 50. b7 Bxb7 (50... Nxb7 51. axb7 Bxb7 52. Rb3 {[%cal Gb3b4]}) 51. axb7 Rb8
52. Rc3 Kd6 53. Bf5 Kd5 54. g5 Rxb7 55. Kh3 $1 $16 {[%cal Gh3g4]}) 50. Bc4 Nc5
51. g5 Ke5 $11) 49. b7 Bxb7 (49... Nxb7 50. axb7 Bxb7 51. Rb3 Ba6 52. Bxa6 Rxa6
53. Rb4 $18) 50. axb7 Rb8 51. Bc4+ $2 {It was so complicated game and
unfortunately right here i had played my move very quickly and had missed a
very simple answer,after which black easily make a draw.} (51. Rc3 $142 $1 Nxd3
52. Rxd3 Rxb7 53. Rd4 c5 54. Rxf4+ Ke6 55. Kf2 $18) (51. Bf5 Ke7 52. Rc3 Kd6
53. Rc4 Rxb7 54. Rxf4 Rb2 $16 {with some counterplay for black}) 51... Ke7 52.
Ra5 Kd6 {Now white cannot win f4-pawn.} 53. Ra8 Rxb7 54. Rf8 Rb4 $1 55. Rf6+ (
55. Rxf4 $140 $2 Ne6 56. Re4 Ng5 $17) 55... Ke5 56. Rf5+ Kd6 (56... Kd4 57. Bf7
Nd3 58. g5 Ke3 $13) 57. Bf7 Nd3 58. g5 Rb5 59. Rxb5 cxb5 60. Be8 Ke7 61. Bxb5
Ne5 (61... Ne5 62. Kf2 Kf7 {[%cal Gf7g6]}) 1/2-1/2